Allı turna : insan, mekan ve anılar / (Record no. 200425786)

MARC details
000 -LEADER
fixed length control field 01204cam a2200397 a 4500
001 - CONTROL NUMBER
control field 15673250
003 - CONTROL NUMBER IDENTIFIER
control field TR-AnTOB
005 - DATE AND TIME OF LATEST TRANSACTION
control field 20190716112909.0
008 - FIXED-LENGTH DATA ELEMENTS--GENERAL INFORMATION
fixed length control field 090325s2006 tu a b 000 0 tur d
010 ## - LIBRARY OF CONGRESS CONTROL NUMBER
LC control number 2007460620
020 ## - INTERNATIONAL STANDARD BOOK NUMBER
International Standard Book Number 9759806568
International Standard Book Number 9789759806569
035 ## - SYSTEM CONTROL NUMBER
System control number (OCoLC)ocn174132645
System control number (OCoLC)174132645
040 ## - CATALOGING SOURCE
Original cataloging agency ZCU
Transcribing agency TR-AnTOB
Language of cataloging eng
Description conventions rda
041 ## - LANGUAGE CODE
Language code of text/sound track or separate title Türkçe
050 00 - LIBRARY OF CONGRESS CALL NUMBER
Classification number BP189.7.B4
Item number K84 2006
090 ## - LOCALLY ASSIGNED LC-TYPE CALL NUMBER (OCLC); LOCAL CALL NUMBER (RLIN)
Classification number (OCLC) (R) ; Classification number, CALL (RLIN) (NR) BP189.7.B4
Local cutter number (OCLC) ; Book number/undivided call number, CALL (RLIN) K84 2006
100 1# - MAIN ENTRY--PERSONAL NAME
Personal name Küçük, Murat.
245 10 - TITLE STATEMENT
Title Allı turna : insan, mekan ve anılar /
Remainder of title Anadolu Alevîliğine bakışlar :
Statement of responsibility, etc. Murat Küçük.
246 30 - VARYING FORM OF TITLE
Title proper/short title Allı turna
264 ## - PRODUCTION, PUBLICATION, DISTRIBUTION, MANUFACTURE, AND COPYRIGHT NOTICE
Place of production, publication, distribution, manufacture İstanbul :
Name of producer, publisher, distributor, manufacturer Horasan Yayınları,
Date of production, publication, distribution, manufacture, or copyright notice 2006.
300 ## - PHYSICAL DESCRIPTION
Extent 192 p. :
Other physical details col. ill. ;
Dimensions 22 cm.
336 ## - CONTENT TYPE
Source rdacontent
Content type term text
Content type code txt
337 ## - MEDIA TYPE
Source rdamedia
Media type term unmediated
Media type code n
338 ## - CARRIER TYPE
Source rdacarrier
Carrier type term volume
Carrier type code nc
490 0# - SERIES STATEMENT
Series statement Horasan Yayınları ;
Volume/sequential designation 18
Series statement Gezi inceleme ;
Volume/sequential designation 2
500 ## - GENERAL NOTE
General note "18"--T.p. verso.
504 ## - BIBLIOGRAPHY, ETC. NOTE
Bibliography, etc. note
650 #0 - SUBJECT ADDED ENTRY--TOPICAL TERM
Topical term or geographic name entry element Bektashi
Geographic subdivision Turkey.
Topical term or geographic name entry element Dervishes
Geographic subdivision Turkey.
Topical term or geographic name entry element Sufism
Geographic subdivision Turkey.
Topical term or geographic name entry element Shiites
Geographic subdivision Turkey.
942 ## - ADDED ENTRY ELEMENTS (KOHA)
Source of classification or shelving scheme Library of Congress Classification
Koha item type Book
Holdings
Withdrawn status Lost status Source of classification or shelving scheme Not for loan Collection code Home library Current library Shelving location Date acquired Source of acquisition Total Checkouts Full call number Barcode Date last seen Date shelved Koha item type
    Library of Congress Classification Ödünç Verilebilir / Available Genel Koleksiyon Merkez Kütüphane Merkez Kütüphane Genel Koleksiyon / Main Collection 17/01/2017 Bağış / Donation   BP189.7.B4 K84 2006 0053315 04/02/2017 04/02/2017 Book
Devinim Yazılım Eğitim Danışmanlık tarafından Koha'nın orjinal sürümü uyarlanarak geliştirilip kurulmuştur.